Honduras: manifiesto del VII congreso de la Central General de Trabajores "C.G.T."
Zapisane w:
| Format: | Texto |
|---|---|
| Hasła przedmiotowe: | |
| Etykiety: |
Dodaj etykietę
Nie ma etykietki, Dołącz pierwszą etykiete!
|
MARC
| LEADER | 00000 a a2200000 04500 | ||
|---|---|---|---|
| 001 | 17528 | ||
| 003 | |||
| 040 | |||
| 245 | |a Honduras: |b manifiesto del VII congreso de la Central General de Trabajores "C.G.T." | ||
| 650 | |a TRABAJADORES | ||
| 650 | |a ECONOMIA | ||
| 650 | |a POLITICA | ||
| 650 | |a COMERCIO | ||
| 650 | |a HONDURAS | ||
| 773 | |g volumen 6, número 28; (1982) Páginas 441-442 | ||
| 999 | |c 35171 |d 35171 | ||
| 773 | 0 | |0 42391 |9 4152 |a Agencia Latinoamericana de Información, ALAI |d Quito, Ecuador: ALAI |o 03923 |t ALAI: |x 08275564 (Servicio mensual de información y documentación) | |
